Geography Quiz

Random Geography or City Quiz
Score 0/50 Timer 10:00
13 Plays Today
GDP City % Correct
1.40 TrillionNew York, United States
99%
836 BillionLondon, United Kingdom
96.5%
715 BillionParis, France
94.6%
1.62 TrillionTokyo, Japan
94.2%
860 BillionLos Angeles, United States
93.8%
506 BillionBeijing, China
90.4%
563 BillionChicago, United States
87.9%
553 BillionMoscow, Russia
86.7%
403 BillionMexico City, Mexico
82.4%
262 BillionMadrid, Spain
81.9%
223 BillionSydney, Australia
79.9%
594 BillionShanghai, China
79.3%
331 BillionSan Francisco, United States
78.2%
483 BillionHouston, United States
77.7%
412 BillionDallas, United States
77.2%
263 BillionMiami, United States
75.2%
360 BillionBoston, United States
74.6%
442 BillionWashington, United States
71.5%
416 BillionHong Kong, China
70.3%
276 BillionToronto, Canada
69.5%
267 BillionSeattle, United States
68.5%
293 BillionDelhi, India
66.9%
346 BillionPhiladelphia, United States
66%
846 BillionSeoul, South Korea
65%
320 BillionAmsterdam, Netherlands
62.9%
GDP City % Correct
316 BillionBuenos Aires, Argentina
61.3%
365 BillionSingapore, Singapore
59.7%
220 BillionMunich, Germany
59.1%
349 BillionIstanbul, Turkey
58.9%
294 BillionAtlanta, United States
57%
430 BillionSao Paulo, Brazil
56.5%
312 BillionMilan, Italy
53.8%
307 BillionBangkok, Thailand
52.5%
254 BillionBrussels, Belgium
49.8%
321 BillionJakarta, Indonesia
49.8%
671 BillionOsaka, Japan
49.1%
230 BillionFrankfurt, Germany
42.7%
327 BillionTaipei, Taiwan
39.6%
232 BillionWuhan, China
31.7%
485 BillionRuhr, Germany
30.8%
380 BillionGuangzhou, China
30.4%
234 BillionChengdu, China
23.3%
297 BillionBusan, South Korea
15.7%
219 BillionHangzhou, China
14.5%
363 BillionShenzhen, China
14%
372 BillionTianjin, China
13.9%
364 BillionNagoya, Japan
11.6%
315 BillionChongqing, China
9.9%
211 BillionWuxi, China
6.5%
339 BillionSuzhou, China
3%

You're not logged in!

Compare scores with friends on all Sporcle quizzes.
OR
Log In

Sporcle TV

Today on Sporcle TV


Watch our educational content, quiz creation guides, and fun videos on Sporcle TV.

Show Comments

Extras

Top Quizzes Today


Score Distribution

Paid Content

Your Account Isn't Verified!

In order to create a playlist on Sporcle, you need to verify the email address you used during registration. Go to your Sporcle Settings to finish the process.

Report this User

Report this user for behavior that violates our Community Guidelines.

Details: